000 01471nam a22002897a 4500
003 OSt
005 20250411115753.0
007 ta
008 210317b 2020 dr a 00| 0 eng d
020 _a9789945094312
040 _aDO-SdBNP
_bspa
_cBNPHU
082 7 4 _a972.93053
_bP328d 2020
_222
100 1 _aPaulino Ramos, Alejandro,
_d1951-
_9325
245 1 0 _aLa dictadura de Trujillo :
_bvigilancia, tortura y control político /
_cAlejandro Paulino Ramos ; presentación: Fausto Rosario Adames ; diagramación: Harold Marcelino Frías Maggiolo.
260 _aSanto Domingo :
_bImpresora Soto Castillo,
_c2020.
300 _a392 p.
_c28 cm.
500 _aIncluye índice onomástico
500 _aIncluye datos biográficos del autor en la solapa de la cubierta.
500 _aIncluye referencias bibliográficas y notas al pie de las páginas.
504 _aBibliografía : p. 369-373
505 0 _aIntroducción --
_tPresentación --
_gCapítulo I
_tLuchas políticas durante la dictadura --
_gCapítulo II
_tMecanismos para control y represión política --
_gCapítulo III
_tLos centros de tortura de la dictadura --
_gCapítulo IV
_tDos casos de represión y control político --
_t Galería de fotos de la dictadura --
590 _aInventariado, 2021 /LP
700 1 _aFrías M. Harold Marcelino,
_ediagramación
_978167
700 1 _aRosario Adames, Fausto,
_epresentación
_914484
910 _aLPEREZ. Validado. Control de calidad MAA
942 _2ddc
_cLBS1
999 _c49607
_d49607